Giving birth in eighteenth-century England (Record no. 58083)

MARC details
000 -LEADER
fixed length control field 00993cam a2200301M 4500
003 - CONTROL NUMBER IDENTIFIER
control field PHURS
005 - DATE AND TIME OF LATEST TRANSACTION
control field 20221125083434.0
008 - FIXED-LENGTH DATA ELEMENTS--GENERAL INFORMATION
fixed length control field 220417s2022 xx o 0|| 0 eng d
040 ## - CATALOGING SOURCE
Original cataloging agency YDX
Language of cataloging eng
Transcribing agency YDX
Modifying agency JSTOR
-- OCLCO
020 ## - INTERNATIONAL STANDARD BOOK NUMBER
International Standard Book Number 9781914477072
Qualifying information (electronic bk.)
020 ## - INTERNATIONAL STANDARD BOOK NUMBER
International Standard Book Number 1914477073
Qualifying information (electronic bk.)
020 ## - INTERNATIONAL STANDARD BOOK NUMBER
Canceled/invalid ISBN 1914477065
020 ## - INTERNATIONAL STANDARD BOOK NUMBER
Canceled/invalid ISBN 9781914477065
020 ## - INTERNATIONAL STANDARD BOOK NUMBER
Canceled/invalid ISBN 1914477057
020 ## - INTERNATIONAL STANDARD BOOK NUMBER
Canceled/invalid ISBN 9781914477058
050 #4 - LIBRARY OF CONGRESS CALL NUMBER
Classification number RG651
100 1# - MAIN ENTRY--PERSONAL NAME
Personal name FOX, SARAH.
245 10 - TITLE STATEMENT
Title Giving birth in eighteenth-century England
Medium [electronic resource].
260 ## - PUBLICATION, DISTRIBUTION, ETC.
Place of publication, distribution, etc. [S.l.] :
Name of publisher, distributor, etc. UNIV OF LONDON PR,
Date of publication, distribution, etc. 2022.
300 ## - PHYSICAL DESCRIPTION
Extent 1 online resource
590 ## - LOCAL NOTE (RLIN)
Local note JSTOR
Provenance (VM) [OBSOLETE] Books at JSTOR Open Access
650 #0 - SUBJECT ADDED ENTRY--TOPICAL TERM
Topical term or geographic name entry element Childbirth
Geographic subdivision England
General subdivision History
Chronological subdivision 18th century.
655 #4 - INDEX TERM--GENRE/FORM
Genre/form data or focus term Electronic books.
776 08 - ADDITIONAL PHYSICAL FORM ENTRY
Relationship information Print version:
International Standard Book Number 1914477065
-- 9781914477065
-- 1914477057
-- 9781914477058
Record control number (OCoLC)1276932736
856 40 - ELECTRONIC LOCATION AND ACCESS
Uniform Resource Identifier <a href="https://www.jstor.org/stable/10.2307/j.ctv2gvdns1">https://www.jstor.org/stable/10.2307/j.ctv2gvdns1</a>
942 ## - ADDED ENTRY ELEMENTS (KOHA)
Source of classification or shelving scheme Library of Congress Classification
Koha item type E-Book
994 ## -
-- 92
-- PHURS
Holdings
Withdrawn status Source of classification or shelving scheme Damaged status Not for loan Home library Current library Date acquired Total Checkouts Date last seen Price effective from Koha item type
  Library of Congress Classification     JSTOR Open Access Books JSTOR Open Access Books 05/22/2022   05/22/2022 05/22/2022 E-Book

University of Rizal System
Email us at univlibservices@urs.edu.ph

Visit our Website www.urs.edu.ph/library